00575nam a22001577a 4500082000900000100003300009245014200042260000900184300001300193526001800206650001800224700004700242942001200289999001900301952009700320 aT-68 aGhulam Raza Khan, Maj948419 aA comparative study of cone penetration test (CPT) and standard penetration test (SPT) for typical soils of LahorecGhulam Raza Khan, Maj c1994 a192 P, : a0b0c0dT_68 aThesis934811 aProfessor Muhammad Siddique Qureshi948420 2ddccBK c551376d551376 00102ddc4070aMCEbMCEd2014-12-12l0oT-68pMCE-T-68r2014-12-12w2014-12-12yBKzThesis